[Event "Oberbayerische Jugend-EM 2014/15  U10"]
[Site "Riedenburg"]
[Date "2015.02.19"]
[Round "1"]
[White "Pachmann, Johannes"]
[Black "Schmid, Elias"]
[Result "0-1"]
[BlackElo "935"]
[WhiteElo "1285"]

1.e4 c5 2.Nf3 d6 3.d4 cxd4 4.Nxd4 Nf6 5.Nc3 Nc6 6.Bb5 Bd7 7.Nxc6 Bxc6 8.Bxc6+ bxc6
9.O-O g6 10.Be3 Bg7 11.Qd2 Ng4 12.Bf4 Rb8 13.Rab1 Qa5 14.h3 Nf6 15.Rfe1 e5 16.Bh6
O-O 17.Bxg7 Kxg7 18.Qxd6 Rfc8 19.b4 Qc7 20.Qxc7 Rxc7 21.Red1 c5 22.bxc5 Rxb1 23.Nxb1
Rxc5 24.Rc1 Nxe4 25.f3 Nc3 26.Nxc3 Rxc3 27.Kf2 Kf6 28.Ke2 Kf5 29.Kd2 Ra3 30.Ra1 Kf4
31.c4 Kg3 32.c5 Ra6 33.Ke3 Kxg2 34.Rc1 Rc6 35.Ke4 Kxh3 36.Kd5 Rc8 37.Kd6 Kg3 38.Kd7
Rh8 39.c6 h5 40.c7 h4 41.Rb1 f5 42.Rb8 Rh7+ 43.Kd6 Rxc7 44.Kxc7 h3 45.Rb3 Kg2 46.f4
exf4 47.Rb2+ Kg3 48.Rb3+ f3 49.Rb2 f2 50.Rb3+ Kg2 51.Rb2 Kg1 52.Rb1+ f1=Q 53.Rxf1+
Kxf1 54.Kb7 h2 55.Kxa7 h1=Q 56.a4 Qd5 57.Kb6 g5 58.a5 Qxa5+   0-1

[Event "Oberbayerische Jugend-EM 2014/15  U10"]
[Site "Riedenburg"]
[Date "2015.02.19"]
[Round "1"]
[White "Fuhrmann, Elias"]
[Black "Gan, Brian"]
[Result "0-1"]
[BlackElo "1217"]
[WhiteElo "842"]

1.e4 c5 2.Nf3 Nc6 3.d4 cxd4 4.Nxd4 e5 5.Nf3 Nf6 6.Nc3 Bc5 7.Bg5 Qb6 8.Bh4 Ng4 9.Qd2
Qxb2 10.Rb1 Qa3 11.h3 Bd4 12.Rb3 Qc5 13.hxg4 Na5 14.Rb5 Qxc3 15.Qxc3 Bxc3+ 16.Nd2
O-O 17.Be7 Re8 18.Bb4 Bxb4 19.Rxb4 Nc6 20.Rb3 b6 21.Rbh3 Ne7 22.Rxh7 Ng6 23.Nc4 Re6
24.g3 Bb7 25.Bd3 Kf8 26.f4 exf4 27.gxf4 Nxf4 28.Rh8+ Ke7 29.R8h7 Bxe4 30.Bxe4 Rxe4+
31.Kf2 Rxc4 32.Rxg7 Rxc2+ 33.Ke3 Ng2+ 34.Kd3 Rxa2 35.Rf1 Rf8 36.Rf5 Ke6 37.Ke4 d5+
38.Rxd5 Re2+ 39.Kd4 Rd2+ 40.Ke4 Rxd5   0-1

[Event "Oberbayerische Jugend-EM 2014/15  U10"]
[Site "Riedenburg"]
[Date "2015.02.19"]
[Round "1"]
[White "Stoib, Marinus"]
[Black "Kugler, Jonah"]
[Result "1-0"]
[BlackElo "825"]
[WhiteElo "1129"]

1.e4 d6 2.d4 e5 3.d5 Nf6 4.Nc3 Bg4 5.Nf3 Bxf3 6.Qxf3 c6 7.Bc4 Na6 8.Bg5 Nb4 9.Rc1
h6 10.Bh4 g5 11.Bg3 g4 12.Qe3 Qb6 13.O-O Qxe3 14.fxe3 h5 15.Rxf6 Bg7 16.Rff1 Bh6
17.Rfe1 Bg5 18.a3 Na6 19.dxc6 bxc6 20.Bxa6 Rb8 21.b4 h4 22.Bf2 g3 23.hxg3 hxg3 24.Bxg3
Rb6 25.b5 cxb5 26.Nxb5 Rxa6 27.Nc7+ Kd8 28.Nxa6 Ke7 29.c4 Bh4 30.Bxh4+ Rxh4 31.c5
dxc5 32.Rxc5 Rxe4 33.Nb8 Kd6 34.Rec1 Rxe3 35.Rc6+ Kd5 36.Rd1+ Ke4 37.Rf6 Rxa3 38.Kf2
Ra2+ 39.Ke1 Rxg2 40.Nd7 Ke3 41.Kf1 Rg4 42.Re1+ Kd3 43.Rd6+ Rd4 44.Nc5+ Kc4 45.Rc1+
Kb5 46.Rxd4 exd4 47.Ne4 f5 48.Nd6+ Kb4 49.Nxf5 d3 50.Ke1 Kb3 51.Kd2 Kb2 52.Nd4 a5
53.Rc4 a4 54.Rxa4 Kb1 55.Kc3 d2 56.Kxd2 Kb2 57.Rb4+ Ka3 58.Rb8 Ka4 59.Nc6 Ka3 60.Kc2
Ka2 61.Ra8#   1-0

[Event "Oberbayerische Jugend-EM 2014/15  U10"]
[Site "Riedenburg"]
[Date "2015.02.19"]
[Round "1"]
[White "Strohschneider, Leon"]
[Black "Manakov, Robert"]
[Result "1-0"]
[BlackElo "1063"]
[WhiteElo "742"]

1.e4 c5 2.Nf3 Nc6 3.Nc3 e5 4.Bc4 Nf6 5.h3 Nxe4 6.Nxe4 d5 7.Bxd5 Qxd5 8.d3 Bd7 9.Be3
c4 10.Nc3 Qe6 11.Nb5 Kd8 12.Qd2 a6 13.Bb6+ Kc8 14.Nc7 Qd6 15.Nxa8 e4 16.Ng5 Be6 17.Nxe4
Qd5 18.Qf4 Qd7 19.Ba5 cxd3 20.Nb6+ Kd8 21.Nxd7+ Ke7 22.Ndc5 f5 23.Nd2 Ke8 24.Nxe6
Ke7 25.Nc5 Ke8 26.Qxf5 dxc2 27.Qd7#   1-0

[Event "Oberbayerische Jugend-EM 2014/15  U10"]
[Site "Riedenburg"]
[Date "2015.02.19"]
[Round "2"]
[White "Gan, Brian"]
[Black "Strohschneider, Leon"]
[Result "1-0"]
[BlackElo "742"]
[WhiteElo "1217"]

1.d4 d5 2.c4 e6 3.Nc3 c6 4.Nf3 Nf6 5.Bf4 Nbd7 6.cxd5 cxd5 7.Nb5 Qa5+ 8.Nc3 Bb4 9.Qc2
Bf8 10.Bd2 Qb6 11.e4 dxe4 12.Nxe4 Nxe4 13.Qxe4 Qxb2 14.Qb1 Qxb1+ 15.Rxb1 Bd6 16.Bb5
a6 17.Bxd7+ Kxd7 18.Ne5+ Ke8 19.Nc4 Be7 20.Nb6 Rb8 21.Bf4 e5 22.Bxe5 Bf5 23.Rd1 Rd8
24.Bc7 Bb4+ 25.Ke2 Be7 26.Rhe1 f6 27.Kf1 Kf7 28.d5 Rdf8 29.d6 Bd8 30.Bxd8 Rxd8 31.Re7+
Kg6 32.Rxb7 Be4 33.Re7 Bc2 34.Rd2 Bf5 35.Nd5 Rb8 36.Nf4+ Kh6 37.Rd5 g6 38.f3 Rhg8
39.g4 Bc8 40.h4 Rb1+ 41.Kg2 Rb5 42.g5+ fxg5 43.hxg5#   1-0

[Event "Oberbayerische Jugend-EM 2014/15  U10"]
[Site "Riedenburg"]
[Date "2015.02.19"]
[Round "2"]
[White "Stepanov, Maximilian"]
[Black "Stoib, Marinus"]
[Result "0-1"]
[BlackElo "1129"]
[WhiteElo "1007"]

1.e4 e5 2.Nf3 Nc6 3.Nc3 Nf6 4.Bc4 Nxe4 5.Nxe4 d5 6.Bxd5 Qxd5 7.Nc3 Qd8 8.d3 Bc5 9.Be3
Bb6 10.h3 Bf5 11.Qe2 O-O 12.O-O-O Qe7 13.g4 Be6 14.d4 e4 15.Nxe4 Bxa2 16.Nc3 Nb4
17.b3 c5 18.d5 Rad8 19.Kb2 Qf6 20.Bg5 Qg6 21.Bxd8 Bxd8 22.Nxa2 Bf6+ 23.Kb1 Rc8 24.Nxb4
cxb4 25.Rc1 h6 26.Ne5 Qh7 27.Rhe1 Rc3 28.Nd7 $4 Rxb3+ 29.Ka2 Rb2+ $2 (29...Ra3+ 30.Kb1
Ra1#) 30.Ka1 Rxc2+ $4 31.Kb1 $4 (31.Nxf6+ gxf6 32.Qxc2) 31...Rxe2+ 32.Rc2 Qxc2#   0-1

[Event "Oberbayerische Jugend-EM 2014/15  U10"]
[Site "Riedenburg"]
[Date "2015.02.19"]
[Round "2"]
[White "Schmid, Elias"]
[Black "Laschinger, Lukas"]
[Result "1/2-1/2"]
[BlackElo "1028"]
[WhiteElo "935"]

1.e4 e6 2.Nf3 d5 3.e5 c5 4.Bb5+ Bd7 5.Bxd7+ Nxd7 6.O-O g6 7.c3 Bg7 8.d4 cxd4 9.cxd4
Ne7 10.Bg5 O-O 11.Qd2 Qe8 12.Qb4 Nc6 13.Qxb7 Qc8 14.Qxc8 Raxc8 15.Nc3 Nb4 16.a3 Nc6
17.Nb5 Rb8 18.Rfc1 Rxb5 19.Rxc6 a5 20.Rb1 Rfb8 21.Bc1 Nb6 22.g3 Nc4 23.Ra6 Nxb2 24.Rxb2
Rxb2 25.Bxb2 Rxb2 26.Rxa5 Ra2 27.Ra8+ Bf8 28.a4 Kg7 29.a5 Bb4 30.a6 Ra3 31.a7 h6
32.Rb8 Rxa7 33.Rxb4 Ra3 34.Kg2 g5 35.h4 g4 36.Nh2 h5 37.Rb2 Rd3 38.Rb4 Kg6 39.f3
Rd2+ 40.Kh1 Rd1+ 41.Kg2 Rd2+ 42.Kh1 Rd1+ 43.Kg2 Rd2+ 44.Kh1 Rd1+   1/2-1/2

[Event "Oberbayerische Jugend-EM 2014/15  U10"]
[Site "Riedenburg"]
[Date "2015.02.20"]
[Round "3"]
[White "Stoib, Marinus"]
[Black "Gan, Brian"]
[Result "0-1"]
[BlackElo "1217"]
[WhiteElo "1129"]

1.e4 c5 2.Nf3 Nc6 3.Nc3 g6 4.Nd4 $4 Nxd4 5.Bc4 Bg7 6.d3 d6 7.Be3 Bd7 8.O-O Qb6 9.Nd5
Qc6 10.Bxd4 Bxd4 11.Bb5 Qc8 12.Bxd7+ Qxd7 13.c3 Bg7 14.Qb3 Nf6 15.Ne3 O-O 16.Rad1
b5 17.c4 Rab8 18.Rd2 a5 19.Qc2 Qc6 20.cxb5 Rxb5 21.Qa4 Qb7 22.Nc4 Bh6 23.Rc2 Qa6
24.a3 Nd7 25.b4 cxb4 26.axb4 Rxb4 27.Qxd7 a4 28.Ra2 Bg5 29.Rfa1 Ra8 30.Nb2 Rab8 31.h3
Rxb2 32.Rxb2 Rxb2 33.Rxa4 Qxd3 34.Ra8+ Kg7   0-1

[Event "Oberbayerische Jugend-EM 2014/15  U10"]
[Site "Riedenburg"]
[Date "2015.02.20"]
[Round "3"]
[White "Laschinger, Lukas"]
[Black "Stepanov, Maximilian"]
[Result "1-0"]
[BlackElo "1007"]
[WhiteElo "1028"]

1.d4 d5 2.e3 e6 3.Bd3 Nf6 4.Nd2 Bd6 5.f4 Nbd7 6.Ngf3 h6 7.Ne5 O-O 8.O-O b6 9.Qe2 a6
10.Ndf3 c5 11.c3 c4 12.Bc2 b5 13.b3 Nb6 14.Nc6 Qc7 15.Nfe5 Bxe5 16.Nxe5 Nfd7 17.Bb2
Nxe5 18.fxe5 a5 19.Rf2 Bd7 20.Raf1 Bc6 21.Ba3 Rfd8 22.Qh5 Be8 23.Bd6 Qb7 24.Qh4 Rd7
25.e4 Nc8 26.Bc5 b4 27.cxb4 axb4 28.Bb1 Qb5 29.exd5 exd5 30.e6 Rc7 31.exf7+ Rxf7
32.Rxf7 Bxf7 33.Qd8+ Qe8 34.Qxe8+ Bxe8 35.Rf8#   1-0

[Event "Oberbayerische Jugend-EM 2014/15  U10"]
[Site "Riedenburg"]
[Date "2015.02.20"]
[Round "3"]
[White "Strohschneider, Leon"]
[Black "Schmid, Elias"]
[Result "0-1"]
[BlackElo "935"]
[WhiteElo "742"]

1.e4 c5 2.Nf3 d6 3.d4 cxd4 4.Nxd4 Nf6 5.Nc3 Nc6 6.Nxc6 bxc6 7.f3 g6 8.Be3 Bg7 9.Qd2
O-O 10.g4 d5 11.e5 Nd7 12.Bh6 Nxe5 13.Bg2 Nc4 14.Qc1 Qb6 15.Rb1 Qc7 16.h4 Qg3+ 17.Kd1
Qxg2 18.Re1 Qxf3+ 19.Ne2 Nd6 20.h5 Bxg4 21.hxg6 fxg6 22.Qe3 Qxe3 23.Bxe3 Nc4 24.Bc5
Nxb2+ 25.Kd2 Bh6+ 26.Kc3 Na4+ 27.Kb3 Nxc5+ 28.Kb2 Rf2 29.Nd4 Nd3+ 30.Kc3 Nxe1 31.Rxe1
Bd2+ 32.Kb2 Bxe1 33.Nxc6 Kf7 34.Ne5+ Ke8 35.Nxg4 Rb8+ 36.Ka3 Bb4+ 37.Ka4 Rf4 38.Nh6
Bd2+ 39.Ka3 Bc1#   0-1

[Event "Oberbayerische Jugend-EM 2014/15  U10"]
[Site "Riedenburg"]
[Date "2015.02.20"]
[Round "3"]
[White "Fuhrmann, Elias"]
[Black "Manakov, Robert"]
[Result "0-1"]
[BlackElo "1063"]
[WhiteElo "842"]

1.e4 c5 2.Nf3 Nc6 3.d4 cxd4 4.Nxd4 Nf6 5.Nc3 e6 6.a3 Be7 7.Bg5 h6 8.Bxf6 Bxf6 9.Ndb5
O-O 10.Bd3 Be7 11.Qe2 a6 12.e5 axb5 13.Bxb5 Qc7 14.f4 Nd4 15.Qe4 Nxb5 16.Nxb5 Qa5+
17.Nc3 d6 18.b4 Qc7 19.Nb5 Qd7 20.c4 Rd8 21.O-O Qc6 22.Qe2 b6 23.Nd4 Qd7 24.Nc2 Bb7
25.Qg4 Be4 26.Ne1 d5 27.cxd5 exd5 28.Qxd7 Rxd7 29.f5 f6 30.exf6 Bxf6 31.Rf4 Bxa1
32.Nf3 Rc8 33.h3 Bb2 34.a4 Ba3 35.b5 Bd6 36.Rh4 Bg3 37.Rg4 Rc1+   0-1

[Event "Oberbayerische Jugend-EM 2014/15  U10"]
[Site "Riedenburg"]
[Date "2015.02.20"]
[Round "4"]
[White "Gan, Brian"]
[Black "Laschinger, Lukas"]
[Result "1-0"]
[BlackElo "1129"]
[WhiteElo "1217"]

1.d4 Nf6 2.c4 e6 3.Nc3 d5 4.Nf3 Bb4 5.Qa4+ Nc6 6.Ne5 Bd6 7.Nxc6 bxc6 8.Qxc6+ Bd7 9.Qa6
O-O 10.c5 Be7 11.Bf4 c6 12.f3 Qc8 13.e4 Qxa6 14.Bxa6 dxe4 15.fxe4 Bd8 16.Bb7 Ba5
17.Bd6 Rfb8 18.Bxa8 Rxa8 19.Ke2 Bxc3 20.bxc3 Nxe4 21.Rhc1 g6 22.Rab1 Nxd6 23.cxd6
Kg7 24.Rb7 Bc8 25.Rc7 Ba6+ 26.Ke3 Bb5 27.c4 Ba4 28.d7 Rd8 29.Ke4 c5 30.Rxa7 cxd4
31.Rxa4 Rxd7 32.c5 d3 33.Rd4 Rxd4+ 34.Kxd4 d2 35.Rd1 Kf8 36.Rxd2 Ke8 37.Ke5 Ke7 38.c6
f6+ 39.Ke4 f5+ 40.Ke5 Kf7 41.Rd7+ Ke8 42.Kxe6 Kf8 43.c7 Kg8 44.c8=Q#   1-0

[Event "Oberbayerische Jugend-EM 2014/15  U10"]
[Site "Riedenburg"]
[Date "2015.02.20"]
[Round "4"]
[White "Schmid, Elias"]
[Black "Stoib, Marinus"]
[Result "0-1"]
[BlackElo "1129"]
[WhiteElo "935"]

1.e4 e5 2.Nf3 Nc6 3.Bc4 Bc5 4.d3 d6 5.Ng5 Be6 6.Bxe6 fxe6 7.Qf3 Nf6 8.Nxe6 Qd7 9.Nxc5
dxc5 10.Be3 Nb4 11.Na3 Na6 12.O-O-O O-O 13.Qg3 Rae8 14.Nc4 Qg4 15.f3 Qxg3 16.hxg3
b5 17.Na5 Re6 18.c4 Rb8 19.f4 Ng4 20.Rde1 bxc4 21.Nxc4 Nb4 22.Kb1 Nxd3 23.Re2 exf4
24.Bxf4 Nxf4 25.gxf4 Rb4 26.b3 Re8 27.Rh4 Nf6 28.e5 Nd5 29.f5 Nc3+ 30.Kb2 Nxe2 31.a3
Rbb8 32.Rg4 Kf7 33.Ne3 Rxe5   0-1

[Event "Oberbayerische Jugend-EM 2014/15  U10"]
[Site "Riedenburg"]
[Date "2015.02.20"]
[Round "4"]
[White "Stepanov, Maximilian"]
[Black "Strohschneider, Leon"]
[Result "1-0"]
[BlackElo "742"]
[WhiteElo "1007"]

1.e4 e5 2.Nf3 Nc6 3.Nc3 Bc5 4.Bc4 h6 5.d3 Nf6 6.Be3 Bb6 7.h3 d6 8.Qd2 Bd7 9.a3 Qc8
10.Nd5 Ba5 11.c3 Nh5 12.b4 Bb6 13.a4 a6 14.Nxb6 cxb6 15.Bd5 Nf6 16.Bxc6 bxc6 17.Bxb6
Rb8 18.a5 Ra8 19.O-O Bxh3 20.gxh3 Qxh3 21.Nh2 g5 22.Qe3 Qh5 23.Qf3 Qg6 24.Ng4 Nxg4
25.Qxg4 h5 26.Qe2 h4 27.Kg2 h3+ 28.Kh2 g4 29.Rg1 Rg8 30.Rg3 Qg5 31.Be3 Qh4 32.Rag1
Qh7 33.Rxg4 Rh8 34.Qf3 Qh5 35.Rg8+ Ke7 36.Qxh5 Rxh5 37.Rxa8 f6 38.Rxa6 Ke6 39.Rxc6
f5 40.exf5+ Kxf5 41.Rxd6 e4 42.Rd5+ Ke6 43.Rxh5 Kf6 44.Kxh3 Kf7 45.Rh6 exd3 46.Rgg6
d2 47.Bxd2 Kf8 48.Rh7 Ke8 49.Rg8#   1-0

[Event "Oberbayerische Jugend-EM 2014/15  U10"]
[Site "Riedenburg"]
[Date "2015.02.20"]
[Round "4"]
[White "Kugler, Jonah"]
[Black "Fuhrmann, Elias"]
[Result "0-1"]
[BlackElo "842"]
[WhiteElo "825"]

1.Nf3 c5 2.Nc3 d6 3.e4 Nf6 4.Nd5 Nxd5 5.exd5 g6 6.d3 Bg7 7.Bd2 Bg4 8.h3 Bxf3 9.Qxf3
O-O 10.O-O-O Nd7 11.h4 h5 12.Bc3 Bh6+ 13.Bd2 Bg7 14.Bf4 Rc8 15.Qe3 Bh8 16.Bh6 Re8
17.Qg5 Bf6 18.Qf4 b5 19.Bg5 Be5 20.Qe4 c4 21.dxc4 bxc4 22.Bxc4 Rb8 23.Bb3 Qb6 24.Bf4
Bh8 25.c3 Qxf2 26.Qe3 Qxe3+ 27.Bxe3 Nc5 28.Bxc5 dxc5 29.Ba4 Red8 30.Rhe1 Bf6 31.d6
exd6 32.Rf1 Bxh4 33.Rg1 Bf2 34.Rgf1 Be3+ 35.Kc2 Rb6 36.Bb3 Rdb8 37.Rxf7 c4 38.Re7
cxb3+ 39.axb3 Bf4 40.Rxa7 Rxb3 41.Rb1 h4 42.Rc7 d5 43.Rd7 R3b5 44.Re7 Kf8 45.Re6
Kf7 46.Ra6 g5 47.b3 g4 48.c4 dxc4 49.bxc4 Rxb1 50.Ra7+ R1b7 51.Rxb7+ Rxb7 52.Kc3
h3 53.gxh3 gxh3 54.c5 Rc7 55.Kc4 h2 56.Kb5 h1=Q 57.Kb6 Qc6+ 58.Ka5 Qxc5+ 59.Ka6 Ra7#
  0-1

[Event "Oberbayerische Jugend-EM 2014/15  U10"]
[Site "Riedenburg"]
[Date "2015.02.20"]
[Round "5"]
[White "Pachmann, Johannes"]
[Black "Gan, Brian"]
[Result "1/2-1/2"]
[BlackElo "1217"]
[WhiteElo "1285"]

1.e4 c5 2.Nf3 Nc6 3.d4 cxd4 4.Nxd4 e5 5.Nxc6 bxc6 6.Nc3 Bc5 7.Bc4 Qb6 8.O-O Qb4 9.Bb3
Nf6 10.a3 Qd4 11.Qf3 O-O 12.Rd1 Qxf2+ 13.Qxf2 Bxf2+ 14.Kxf2 Ba6 15.Bg5 Rfd8 16.Bxf6
gxf6 17.Rd6 Kg7 18.Rad1 Bc8 19.Ba4 Rg8 20.R1d3 Kf8 21.Rg3 Rxg3 22.Kxg3 Ke7 23.Rd3
Ba6 24.Rd1 Rg8+ 25.Kf3 h5 26.h3 h4 27.Re1 Rg5 28.Re3 Ke6 29.Bb3+ Ke7 30.Kf2 f5 31.Rf3
f4 32.Ba2 f5 33.a4 Bb7 34.Bc4 a5 35.exf5 Rxf5 36.Ne4 d5 37.Nc5 Bc8 38.Be2 e4 39.Rc3
Kd6 40.b3 Rf7 41.Bh5 Rf8 42.Be2 Rf7 43.Ba6 Bxa6 44.Nxa6 Rb7 45.Nc5 Ra7 46.Ke2 Rg7
47.Kf2 Ra7 48.Ke2 Re7 49.Na6 Ra7 50.Nc5 Rg7 51.Kf2   1/2-1/2

[Event "Oberbayerische Jugend-EM 2014/15  U10"]
[Site "Riedenburg"]
[Date "2015.02.20"]
[Round "5"]
[White "Stoib, Marinus"]
[Black "Laschinger, Lukas"]
[Result "1-0"]
[BlackElo "1028"]
[WhiteElo "1129"]

1.e4 e6 2.d4 d5 3.e5 c5 4.c3 cxd4 5.cxd4 Bb4+ 6.Bd2 Bxd2+ 7.Nxd2 Nc6 8.Ngf3 Nge7 9.Bd3
Qb6 10.Nb3 O-O 11.O-O Nf5 12.Bxf5 exf5 13.Re1 Bd7 14.Qe2 Rac8 15.Rad1 Nb4 16.Nc5
Be6 17.Ng5 Rfe8 18.a3 Nc6 19.Qh5 h6 20.Ncxe6 fxe6 21.Qf7+ Kh8 22.Nxe6 Re7 23.Qg6
Na5 24.Rc1 Nc4 25.Nf4 Rf8 26.Qxb6 Nxb6 27.Ng6+ Kg8 28.Nxe7+ Kf7 29.Rc7 Na8 30.e6+
Ke8 31.Rxb7 Nb6 32.Ng6 Rf6 33.Rb8+ Nc8 34.Rxc8#   1-0

[Event "Oberbayerische Jugend-EM 2014/15  U10"]
[Site "Riedenburg"]
[Date "2015.02.20"]
[Round "5"]
[White "Stepanov, Maximilian"]
[Black "Manakov, Robert"]
[Result "1-0"]
[BlackElo "1063"]
[WhiteElo "1007"]

1.e4 c5 2.Nf3 Nc6 3.Nc3 e6 4.d4 cxd4 5.Nxd4 Nf6 6.Nxc6 bxc6 7.Bg5 Be7 8.e5 Ng8 9.Bxe7
Nxe7 10.Qd2 O-O 11.O-O-O Bb7 12.Na4 Nd5 13.Nc5 Bc8 14.Bc4 Nb6 15.Bd3 d5 16.f4 Nd7
17.Nxd7 Qxd7 18.g4 Bb7 19.h4 Rfe8 20.g5 Rad8 21.h5 Re7 22.g6 fxg6 23.hxg6 h6 24.Rdf1
Rf8 25.Rf2 d4 26.Rhf1 c5 27.f5 Qa4 28.a3 c4 29.Be2 c3 30.bxc3 Qxa3+ 31.Kd1 dxc3 32.Qc1
Rd8+ 33.Bd3 Qb2 34.Qxb2 cxb2 35.Ke2 Bd5 36.c4 Bc6 37.Bb1 Red7 38.Ke3 Rb8 39.fxe6
  1-0

[Event "Oberbayerische Jugend-EM 2014/15  U10"]
[Site "Riedenburg"]
[Date "2015.02.20"]
[Round "5"]
[White "Fuhrmann, Elias"]
[Black "Strohschneider, Leon"]
[Result "1/2-1/2"]
[BlackElo "742"]
[WhiteElo "842"]

1.e4 e5 2.Nf3 Nc6 3.Bc4 Bc5 4.Nc3 h6 5.d3 d6 6.h3 Be6 7.Bb3 Nf6 8.Be3 Bb6 9.Qd2 d5
10.exd5 Nxd5 11.Nxd5 Bxd5 12.d4 e4 13.Ne5 Nxe5 14.dxe5 Be6 15.Qxd8+ Rxd8 16.Bxb6
axb6 17.Bxe6 fxe6 18.f3 Rd5 19.Rf1 Rxe5 20.f4 Rc5 21.O-O-O e3 22.Rfe1 b5 23.Rxe3
Rc6 24.Rde1 Kf7 25.g4 g5 26.f5 Re8 27.b3 b4 28.Kb2 Ra6 29.Kb1 c5 30.c3 Rc6 31.cxb4
cxb4 32.Kb2 b5 33.a3 bxa3+ 34.Kxa3 Ra8+ 35.Kb2 Re8 36.Re5 b4 37.Rb5 exf5 $4 38.Rxe8 $2
(38.Rxf5+ Rf6 39.Rxf6+ Kxf6 40.Rxe8) 38...Kxe8 39.Rxf5 Ke7 40.Rb5 Re6 41.Rb7+ Kf6
42.Rh7 Ke5 43.Rb7 Kf4 44.Rxb4+ Kg3 45.Rc4 Kxh3 46.b4 Re7 47.b5 Rh7 48.b6 h5 49.gxh5
Rxh5 50.b7 Rh8 51.Rb4 $2 (51.Rc8) 51...g4 52.b8=Q Rxb8 53.Rxb8 g3 54.Rg8 g2 55.Rxg2
Kxg2   1/2-1/2

[Event "Oberbayerische Jugend-EM 2014/15  U10"]
[Site "Riedenburg"]
[Date "2015.02.21"]
[Round "6"]
[White "Gan, Brian"]
[Black "Schmid, Elias"]
[Result "1-0"]
[BlackElo "935"]
[WhiteElo "1217"]

1.d4 d5 2.c4 c6 3.Nc3 Nf6 4.Nf3 Be6 5.Bf4 dxc4 6.Ng5 Bd7 7.e4 b5 8.a4 g6 9.Qf3 Bg4
10.Qe3 Bd7 11.Be2 Bg7 12.O-O Na6 13.axb5 Nb4 14.bxc6 Nc2 15.cxd7+ Qxd7 16.Qd2 Nxa1
17.Rxa1 O-O 18.Bxc4 e6 19.Na4 Ng4 20.Nf3 Rfd8 21.Nc5 Qc6 22.Ra6 Qc8 23.h3 Nf6 24.b3
Nd7 25.Nxd7 Rxd7 26.d5 exd5 27.exd5 Rb7 28.Rc6 Qd7 29.Ne5 Qf5 30.Bd3 Qh5 31.Qc1 Rf8
32.Qf1 Bxe5 33.g4 Qh4 34.Bxe5 Rxb3 35.Bf6 Qh6 36.g5 Qh4 37.Ra6 Rb7 38.d6 Qb4 39.Qg2
Rd7 40.Qc6 Qb7 41.Bb5 Rb8 42.Qxb7 Rdxb7 43.Bc6 Rb1+ 44.Kg2 Rd1 45.d7 Kf8 46.Rxa7
Kg8 47.Ra8 Rxa8 48.Bxa8 Rxd7 49.Kf3 Kf8 50.Kg4 Rd2 51.f4 Rd7 52.h4 Ra7 53.Bf3 Ra6
54.h5 Rb6 55.f5 Rb4+ 56.Kg3   1-0

[Event "Oberbayerische Jugend-EM 2014/15  U10"]
[Site "Riedenburg"]
[Date "2015.02.21"]
[Round "6"]
[White "Pachmann, Johannes"]
[Black "Stoib, Marinus"]
[Result "0-1"]
[BlackElo "1129"]
[WhiteElo "1285"]

1.e4 e5 2.d4 exd4 3.Qxd4 Nc6 4.Qe3 Bb4+ 5.c3 Ba5 6.a4 d6 7.Qg3 a6 8.Qxg7 Qf6 9.Qxf6
Nxf6 10.Bd3 Ne5 11.Bc2 h6 12.Nd2 Be6 13.Ngf3 Nc4 14.Nxc4 Bxc4 15.Be3 Nd7 16.Nd4 d5
17.Bb3 Bxb3 18.Nxb3 Bb6 19.exd5 Bxe3 20.fxe3 Nf6 21.O-O-O O-O-O 22.c4 Ng4 23.Rhe1
Nxh2 24.Rd4 h5 25.c5 Rh6 26.Rh1 Re8 27.Rxh2 Rxe3 28.Na5 b6 29.cxb6 cxb6 30.Rc4+ Kd7
31.Nc6 Rd3 32.g4 Rxd5 33.gxh5 Rhxh5 34.Rxh5 Rxh5 35.Nb8+ Kd8 36.Nc6+ Ke8 37.Re4+
Kd7 38.Nb8+ Kc8 39.Re8+ Kc7 40.Nxa6+ Kd7 41.Re4   0-1

[Event "Oberbayerische Jugend-EM 2014/15  U10"]
[Site "Riedenburg"]
[Date "2015.02.21"]
[Round "6"]
[White "Laschinger, Lukas"]
[Black "Manakov, Robert"]
[Result "1-0"]
[BlackElo "1063"]
[WhiteElo "1028"]

1.d4 d5 2.e3 Nf6 3.Nd2 Bf5 4.Bd3 Bxd3 5.cxd3 Nc6 6.f4 e6 7.a3 Be7 8.Ngf3 O-O 9.O-O
Qd7 10.b4 Rfe8 11.Bb2 a5 12.b5 Na7 13.a4 c6 14.Ne5 Qc7 15.Rc1 Bd6 16.Qb3 Qb6 17.bxc6
Qxb3 18.Nxb3 Bxe5 19.fxe5 Ng4 20.cxb7 Rab8 21.Nxa5 Nxe3 22.Rf3 Nf5 23.Rc7 Ne7 24.Ba3
Nf5 25.g4 Nh6 26.Bc1 Nxg4 27.Rfxf7 {Schwarz ueberschritt die Zeit.}   1-0

[Event "Oberbayerische Jugend-EM 2014/15  U10"]
[Site "Riedenburg"]
[Date "2015.02.21"]
[Round "6"]
[White "Strohschneider, Leon"]
[Black "Kugler, Jonah"]
[Result "1-0"]
[BlackElo "825"]
[WhiteElo "742"]

1.e4 e5 2.Nf3 Nc6 3.Bc4 Nf6 4.Ng5 Bc5 5.h3 Rf8 6.d3 Nh5 7.Qxh5 Qf6 8.Be3 Bxe3 9.fxe3
Nb4 10.Na3 d6 11.Nxh7 Qe7 12.Nxf8 Qxf8 13.Rf1 Be6 14.Bxe6 Qe7 15.Bxf7+ Kd7 16.Qg4+
Kd8 17.Qh5 Qf8 18.Be6 Qe8 19.Qg5+ Qe7 20.Rf8#   1-0

[Event "Oberbayerische Jugend-EM 2014/15  U10"]
[Site "Riedenburg"]
[Date "2015.02.21"]
[Round "7"]
[White "Stepanov, Maximilian"]
[Black "Gan, Brian"]
[Result "0-1"]
[BlackElo "1217"]
[WhiteElo "1007"]

1.e4 c5 2.Nf3 Nc6 3.d3 d6 4.Be3 Nf6 5.c3 b6 6.Nbd2 e6 7.g3 Ba6 8.Qc2 g6 9.Bg2 Bg7
10.O-O Qc7 11.Rfe1 O-O 12.a3 Ng4 13.Bf4 Qd7 14.c4 Nd4 15.Nxd4 Bxd4 16.Rf1 Rad8 17.Nb3
Bg7 18.Bh3 Nf6 19.Rad1 Qa4 20.Rd2 b5 21.cxb5 Bxb5 22.Nc1 Qxc2 23.Rxc2 Rfe8 24.Bg5
Rb8 25.b3 Nd7 26.a4 Ba6 27.Be3 Ne5 28.Rd1 Nf3+ 29.Kg2 Nd4 30.Rb2 d5 31.Rb1 f5 32.f3
Rec8 33.Kf2 Nc2 34.d4 cxd4 35.Bxd4 Bxd4+ 36.Kg2 Ne3+ 37.Kh1 Nxd1 38.Ne2 Bxe2   0-1

[Event "Oberbayerische Jugend-EM 2014/15  U10"]
[Site "Riedenburg"]
[Date "2015.02.21"]
[Round "7"]
[White "Stoib, Marinus"]
[Black "Strohschneider, Leon"]
[Result "1-0"]
[BlackElo "742"]
[WhiteElo "1129"]

1.e4 e5 2.Nf3 Nc6 3.Bc4 Bc5 4.d3 h6 5.Nc3 d6 6.Be3 Bb6 7.d4 Nf6 8.Bb5 a6 9.Ba4 Be6
10.d5 Rb8 11.dxc6 bxc6 12.Bxc6+ Kf8 13.O-O Ng4 14.Qd2 Bc4 15.Rfe1 Nxe3 16.fxe3 Be6
17.Rad1 Ba5 18.Nxe5 f6 19.Ng6+ Kg8 20.Nxh8 Kxh8 21.Bd5 Bg4 22.Rb1 Qe7 23.a3 Bb6 24.Bb3
Ba5 25.Qd4 Bh5 26.Nd5 Qe5 27.Qxe5 fxe5 28.Rf1 Bg6 29.Ne7 Be8 30.Rf8+ Kh7 31.Bg8+
Kh8 32.Rbf1 Bb6 33.Bf7+ Kh7 34.Rxe8 Rxe8 35.Bxe8 Bxe3+ 36.Kh1 Bg5 37.Bg6+ Kh8 38.Rf8#
  1-0

[Event "Oberbayerische Jugend-EM 2014/15  U10"]
[Site "Riedenburg"]
[Date "2015.02.21"]
[Round "7"]
[White "Fuhrmann, Elias"]
[Black "Pachmann, Johannes"]
[Result "0-1"]
[BlackElo "1285"]
[WhiteElo "842"]

1.e4 e6 2.d4 d5 3.e5 c5 4.Bb5+ Bd7 5.Bxd7+ Nxd7 6.Be3 Qb6 7.b3 Qb4+ 8.c3 Qb6 9.Nf3
f6 10.Nbd2 Be7 11.Qe2 Qa5 12.O-O Qxc3 13.a3 fxe5 14.dxe5 Nxe5 15.Nxe5 Qxe5 16.b4
Nf6 17.Qb5+ Nd7 18.Qxb7 Qb8 19.Qxb8+ Rxb8 20.Bf4 Ra8 21.b5 O-O 22.Bg3 a6 23.bxa6
Rxa6 24.Nf3 c4 25.a4 Nc5 26.Nd4 Bf6 27.Rfd1 Bxd4 28.Rxd4 Nb3 29.Rdd1 Nxa1 30.Rxa1
Rc8 31.Be5 c3 32.Bxc3 Rxc3 33.a5 d4 34.Kf1 e5 35.Ke1 e4 36.Kd2 Rb3 37.f3 e3+ 38.Ke2
Rb2+ 39.Kd3 Rd2+   0-1

[Event "Oberbayerische Jugend-EM 2014/15  U10"]
[Site "Riedenburg"]
[Date "2015.02.21"]
[Round "7"]
[White "Manakov, Robert"]
[Black "Schmid, Elias"]
[Result "0-1"]
[BlackElo "935"]
[WhiteElo "1063"]

1.e4 c5 2.Nf3 d6 3.Bc4 Bg4 4.h3 (4.Bxf7+ Kxf7 5.Ng5+ Ke8 6.Qxg4) 4...Bxf3 5.Qxf3 Nf6
6.Nc3 g6 7.O-O Bg7 8.d3 O-O 9.Bd2 Nc6 10.Be3 Qb6 11.b3 Nb4 12.Qe2 Nd7 13.Qd2 Qa5
14.Rac1 Nc6   0-1

[Event "Oberbayerische Jugend-EM 2014/15  U10"]
[Site "Riedenburg"]
[Date "2015.02.21"]
[Round "7"]
[White "Kugler, Jonah"]
[Black "Laschinger, Lukas"]
[Result "0-1"]
[BlackElo "1028"]
[WhiteElo "825"]

1.Nf3 Nf6 2.Nc3 d5 3.d4 e6 4.Bg5 Nbd7 5.Bxf6 Nxf6 6.e3 c6 7.Bd3 Bd6 8.O-O O-O 9.Ng5
h6 10.Bh7+ Nxh7 11.Nxh7 Kxh7 12.Qd3+ Kg8 13.e4 e5 14.exd5 exd4 15.Qxd4 cxd5 16.Qxd5
Be6 17.Qd3 Bc7 18.Qe4 Qd6 19.Qh4 Qf4 20.Qxf4 Bxf4 21.g3 Be5 22.Ne4 Bxb2 23.Rad1 Rad8
24.Rxd8 Rxd8 25.Nc5 Bc4 26.Rb1 Rd5 27.Nb3 Bxb3 28.axb3 Bc3 29.b4 Rb5 30.Rd1 Rxb4
31.Rd8+ Kh7 32.Rd1 a5 33.Rd3 Rc4 34.Rd7 b5 35.Rxf7 a4 36.Rb7 b4 37.Ra7 a3 38.h4 Bd2
39.c3 Rxc3 40.Rb7 Rc2 41.g4 a2 42.Ra7 Bc3 43.Re7 a1=Q+ 44.Kg2 Bf6 45.Re4 Bxh4 46.Rf4
Qa8+ 47.Kh3 Qh1#   0-1

[Event "Oberbayerische Jugend-EM 2014/15  U10"]
[Site "Riedenburg"]
[Date "2015.02.21"]
[Round "8"]
[White "Laschinger, Lukas"]
[Black "Strohschneider, Leon"]
[Result "1-0"]
[BlackElo "742"]
[WhiteElo "1028"]

1.d4 d5 2.e3 Nc6 3.Nd2 Bf5 4.Bd3 Bg6 5.Qe2 Nf6 6.f4 e6 7.Ngf3 Bd6 8.Ne5 Bh5 9.Ndf3
a6 10.c3 Qe7 11.Bd2 g6 12.Qf2 Ng8 13.g4 Bxg4 14.Nxg4 f5 15.Nge5 Qf8 16.Ng5 h5 17.Nxe6
Qe7 18.Ng5 Qd8 19.Ngf7 Qe7 20.Nxh8 Bxe5 21.Nxg6 Qd8 22.Nxe5 Nf6 23.Bxf5 Ne7 24.Be6
Qb8 25.Bf7+ Kd8 26.Qh4 Nh7 27.Qxh5 Nf6 28.Qh8+ Nfg8 29.Bxg8 Nxg8 30.Qxg8+ Ke7 31.Qf7+
Kd6 32.Qd7#   1-0

[Event "Oberbayerische Jugend-EM 2014/15  U10"]
[Site "Riedenburg"]
[Date "2015.02.21"]
[Round "8"]
[White "Manakov, Robert"]
[Black "Kugler, Jonah"]
[Result "1-0"]
[BlackElo "825"]
[WhiteElo "1063"]

1.e4 Nf6 2.e5 Nd5 3.c4 Nf4 4.d4 e6 5.Bxf4 Bb4+ 6.Bd2 Bxd2+ 7.Nxd2 d5 8.c5 Nc6 9.Ndf3
O-O 10.Bb5 a6 11.Bxc6 bxc6 12.Ne2 a5 13.O-O Ba6 14.Re1 Bxe2 15.Qxe2 f6 16.Rad1 fxe5
17.dxe5 Qc8 18.Nd4 Qd7 19.Qg4 Qe8 20.Qxe6+ Qxe6 21.Nxe6 Rf5 22.Nd4 Rg5 23.Nxc6 Ra6
24.Nd4 Rag6 25.g3 Rh5 26.e6 Kf8 27.e7+ Ke8 28.Ne6 Kxe7 29.Nf4+ Kf7 30.Nxh5   1-0